00479nam a22001457a 4500008004100000040005500041080002700096245007300123260004800196300001300244650001300257653002200270700001900292700002200311230602b |||||||| |||| 00| 0 eng d aNational Science LibrarycNational Science Library a616-001:316.334.52bP4 aGuidelines for conducting community surveys on injuries and violence aGeneva: bWorld Health Organization, c2004 ax, 139p. aInjuries aInjury prevention aD, Sethi (Ed.) aS, Habibula (Ed.)